Revue de philosophie / (Record no. 2133)
[ view plain ]
| 000 -LEADER | |
|---|---|
| campo de control de longitud fija | 00835nas a2200265 i 4500 |
| 001 - NÚMERO DE CONTROL | |
| campo de control | 2133 |
| 003 - IDENTIFICADOR DE NÚMERO DE CONTROL | |
| campo de control | ES-MaACL |
| 005 - FECHA Y HORA DE LA ÚLTIMA TRANSACCIÓN | |
| campo de control | 20250804062723.0 |
| 007 - CAMPO FIJO DE DESCRIPCIÓN FÍSICA--INFORMACIÓN GENERAL | |
| campo de control de longitud fija | t| |
| 008 - DATOS DE LONGITUD FIJA--INFORMACIÓN GENERAL | |
| campo de control de longitud fija | 950801d19001946fr | | 1 ||re d |
| 080 ## - NÚMERO DE LA CLASIFICACIÓN DECIMAL UNIVERSAL | |
| Número de la Clasificación Decimal Universal | 1 |
| 245 00 - MENCIÓN DEL TÍTULO | |
| Título | Revue de philosophie / |
| Mención de responsabilidad, etc. | dir. E. Peillaube. |
| 260 ## - PUBLICACIÓN, DISTRIBUCIÓN, ETC. | |
| Lugar de publicación, distribución, etc. | Paris : |
| Nombre del editor, distribuidor, etc. | Marcel Rivière, etc, |
| Fecha de publicación, distribución, etc. | 1900-1946 ( |
| Lugar de fabricación/manufactura | La Chapelle : |
| Fabricante | Monttigeon) |
| 300 ## - DESCRIPCIÓN FÍSICA | |
| Extensión | 26 v. ; |
| Dimensiones | 25 cm. |
| 310 ## - PERIODICIDAD ACTUAL | |
| Periodicidad actual | Bimestral |
| 321 ## - PERIODICIDAD ANTERIOR | |
| Periodicidad anterior | Mensual, |
| Fechas de la periodicidad anterior | 1901-14 |
| 362 0# - FECHAS DE PUBLICACIÓN Y/O DESIGNACIÓN SECUENCIAL | |
| Fecha de publicación y/o designación secuencial | 1900-1914 (I-XXV). 1919-1929 (XXVI-XXX). 1930-1940 (n. s. I-X, t. gén. XXXI-XL). 1946. |
| 500 ## - NOTA GENERAL | |
| Nota general | No se publicó en 1915-1918. |
| 500 ## - NOTA GENERAL | |
| Nota general | Indice de 1901-1913. |
| 650 17 - PUNTO DE ACCESO ADICIONAL DE MATERIA--TÉRMINO DE MATERIA | |
| Término de materia o nombre geográfico como elemento de entrada | Filosofía |
| Fuente del encabezamiento o término | embne |
| 9 (RLIN) | 12802 |
| 700 1# - ENTRADA AGREGADA--NOMBRE PERSONAL | |
| Nombre de persona | Peillaube, E, |
| Término indicativo de función/relación | |
| 9 (RLIN) | 89977 |
| 852 ## - LOCALIZACIÓN | |
| Ubicación | ES-MaACL |
| Número de control de estantería | Hem-823 |
| 866 #0 - MENCIÓN TEXTUAL DE FONDOS--UNIDAD BIBLIOGRÁFICA BÁSICA | |
| Fondos | 1910-14.1919-26,1929-34(1935). |
| Estatus retirado | Estado de pérdida | Estado de daño | No para préstamo | Colección | Biblioteca de origen | Biblioteca actual | Ubicación en estantería | Fecha de adquisición | Fuente de adquisición | Total de préstamos | Signatura topográfica completa | Código de barras | Visto por última vez | Precio de reemplazo | Tipo de ítem Koha |
|---|---|---|---|---|---|---|---|---|---|---|---|---|---|---|---|
| Periódicos y Revistas | Biblioteca del Ateneo de Madrid | Biblioteca del Ateneo de Madrid | Depósito 1 | 17/01/2008 | Hem-823 | 1002172 | 23/02/2023 | 23/02/2023 | Revista |
